| 000 | 00855nam a2200241 a 4500 | ||
|---|---|---|---|
| 999 |
_c2582 _d2582 |
||
| 008 | 200616s2019 ii ab||| m|||a00| 0 eng d | ||
| 040 |
_aKO _beng |
||
| 041 | 0 | _aeng | |
| 044 | _aii | ||
| 082 | 0 | 4 |
_223 _a378.242 _bIRB1717 |
| 100 | 1 |
_aGupta, Prateek _eResearcher |
|
| 245 | 1 | 0 |
_aA Study on Performance of JM Baxi at Kandla International Container Terminal / _cPrateek Gupta ; Guide Dr. Yogamala H. L. |
| 260 |
_aKochi : _bIndian Maritime University, _c2019 |
||
| 300 |
_avarious pagenation. : _bill., maps ; _c29 cm. |
||
| 490 | 0 |
_aBBA Internship 2017-2020 ; _v1705916018 |
|
| 502 | _aInternship (BBA)–Indian Maritime University. School of Maritime Management, 2019. | ||
| 650 | 0 | _aContainer terminals | |
| 655 | 7 |
_2lcsh _aDissertations, Academic _y2019 |
|
| 700 | 1 |
_aH. L., Yogamala _cDr. _eGuide |
|
| 904 | _aReshma_R | ||
| 942 | _cTH | ||